000 00833nam a2200217 a 4500
003 0
005 20250206194029.0
008 130829s19uu xx 00 eng d
050 _aPGS QR 201.A2
_b.N576 2013
100 _aNg, Gerome Adrian S.
245 _aThe effect of garlic on the growth of Streptococcus pyogenes /
_cGerome Adrian S. Ng.
260 _aLas PiƱas City, Philippines :
_bSouthville International School and Colleges,
_c2013.
300 _a26 pages :
_billustrations ;
_c28 cm.
504 _aIncludes bibliographical references.
650 _aGarlic
_vAntibacterial properties.
650 _aStreptococcus pyogenes
_vGrowth.
650 _aPlant extracts
_vAntimicrobial properties.
650 _aMicrobial sensitivity tests
_vGarlic.
650 _aMedicinal plants
_vAntibacterial properties.
942 _2lcc
_cPASS
999 _c99025
_d99025